[Event "New Delhi Matrix Cup 4th"]
[Site "New Delhi"]
[Date "2025.01.03"]
[Round "2"]
[White "Amartya, Saumitra Gupta"]
[Black "Sharma, Viraj"]
[Result "1-0"]
[WhiteElo "1923"]
[BlackElo "1527"]
[PlyCount "69"]
[EventDate "2025.01.03"]
[EventType "swiss"]
[EventRounds "9"]
[EventCountry "IND"]
[SourceTitle "CB03_2025"]
[SourceDate "2025.01.15"]
[SourceVersion "1"]
[SourceVersionDate "2025.01.15"]
[SourceQuality "1"]

1. e4 c6 2. d4 d5 3. exd5 cxd5 4. Bf4 Bf5 5. c3 e6 6. Bxb8 Rxb8 7. Qa4+ Ke7 8. Qxa7 Nf6 9. Nf3 Nd7 10. Bb5 f6 11. 0-0 Qc7 12. Nbd2 Nb6 13. Qa3+ Kf7 14. Qb3 Rc8 15. a4 Bd6 16. Rfe1 Nc4 17. Nxc4 dxc4 18. Qd1 Rhd8 19. h3 Bd3 20. Nd2 g6 21. b3 g5 22. Nxc4 Bxc4 23. Bxc4 Re8 24. Qh5+ Kg7 25. Bxe6 Rcd8 26. Bc4 Bh2+ 27. Kh1 Rxe1+ 28. Rxe1 Bd6 29. Qf3 Be7 30. Qe4 Bd6 31. Qf5 Be7 32. Bd3 h6 33. Qh7+ Kf8 34. Bg6 Bd6 35. Qh8# 1-0